00572nam a2200205 a 4500001001300000003000900013005001700022008004100039020001000080082001700090245003900107260004100146300000900187500003500196505001000231650003300241650003700274650002600311710002900337nice12345678IN_TiNIC20260116015209.0050524s1983 iraa grp 000 0 eng  ac10000a955.954bISL aImposed War, Defence Vs Aggression aIranbIslamic Republic of Iranc1983 a207p aincludes index and biblioraphy2 aIndex aIslam-Relations Christianity aChristianity and Other Religions aIran-History-War-Iraq2 aIslamic Republic of Iran